Measurement and accounting information criteria

Сохранить в:
Библиографические подробности
Главный автор: Mock, Theodore Jaye
Формат:
Язык:Undetermined
Опубликовано: New York The American Accounting Association 1976
Предметы:
Метки: Добавить метку
Нет меток, Требуется 1-ая метка записи!
Thư viện lưu trữ: Trung tâm Học liệu Trường Đại học Cần Thơ
LEADER 00515nam a2200181Ia 4500
001 CTU_77502
008 210402s9999 xx 000 0 und d
082 |a 657 
082 |b M688 
100 |a Mock, Theodore Jaye 
245 0 |a Measurement and accounting information criteria 
245 0 |c Theodore Jaye Mock 
260 |a New York 
260 |b The American Accounting Association 
260 |c 1976 
650 |a Accounting 
904 |i Trọng Hải 
980 |a Trung tâm Học liệu Trường Đại học Cần Thơ